| 000 | 01046cam a2200265 i 4500 | ||
|---|---|---|---|
| 003 | SA-RiAUC | ||
| 005 | 20241001131735.0 | ||
| 008 | 240928s1989 ua g 00010 ara c | ||
| 040 |
_aSA-RiAUC _bara _cSA-RiAUC _erda |
||
| 082 | 0 | 4 |
_a810.9 _qSA-RiAUC |
| 090 |
_a810.9 _bر ك ا |
||
| 100 | 1 |
_aالركابي، جودت، _d1913-1999 _eمؤلف. |
|
| 245 | 1 | 2 |
_aالأدب العربي من الانحدار إلى الازدهار / _cجودت الركابي. |
| 264 | 1 |
_aالقاهرة : _bدار المعارف، _c1989 |
|
| 300 |
_a340 صفحة ؛ _c24 سم |
||
| 336 |
_aنص _btxt _2rdacontent _3كتاب |
||
| 337 |
_aبدون وسيط _bn _2rdamedia |
||
| 338 |
_aمجلد _bnc _2rdacarrier |
||
| 650 | 7 |
_aالأدب العربي _xتاريخ ونقد _2aucsh |
|
| 650 | 7 |
_aالأدب العربي _yالعصر المملوكي _2aucsh |
|
| 650 | 7 |
_aالأدب العربي _yالحكم العثماني _2aucsh |
|
| 650 | 7 |
_aالأدب العربي _yقرن 20 _2aucsh |
|
| 942 |
_2ddc _cBOOK _n0 |
||
| 949 |
_aSA-JeALM _d240928 _umohamedma123 _n1 |
||
| 999 |
_c732 _d732 |
||